[Event "AUTO-OPEN-719"]
[Site "http://www.queenalice.com/game.php?id=232595"]
[Date "2007.6.30"]
[Round "1"]
[White "tadeufm"]
[Black "Xande"]
[Result "1-0"]
[WhiteElo "1100"]
[BlackElo "1227"]

1. e4 d6 2. Bd3 Nf6 3. Nf3 Bg4 4. O-O Bxf3 5. Qxf3 h5 6. h3 g5 7. b3 g4 8. Qe2
gxh3 9. gxh3 Nc6 10. c3 Bh6 11. b4 Rg8+ 12. Kh1 d5 13. e5 Qd7 14. e6 fxe6 15.
Rg1 Rxg1+ 16. Kxg1 Qd6 17. Kf1 1-0

[Event "AUTO-OPEN-719"]
[Site "http://www.queenalice.com/game.php?id=232596"]
[Date "2007.6.30"]
[Round "1"]
[White "Xande"]
[Black "ItsYouThatIAdore"]
[Result "0-1"]
[WhiteElo "1227"]
[BlackElo "1997"]

1. Nf3 d5 2. d4 Nf6 3. c3 Nbd7 4. Na3 e6 5. Bg5 c5 6. Bxf6 Nxf6 7. dxc5 Bxc5 8.
Nb5 Bd7 9. a4 Ng4 10. e3 a6 11. Nd2 Nxf2 12. Kxf2 axb5 13. Bxb5 O-O 14. Nb3 Bxb5
15. Nxc5 Bc6 16. Ra3 Qb6 17. b4 Qc7 18. b5 Bxb5 19. Qb1 Qxc5 20. Qxb5 Qxa3 21.
Qxb7 Qxa4 22. Rb1 Qh4+ 23. g3 Ra2+ 24. Kf3 Qe4# 0-1

[Event "AUTO-OPEN-719"]
[Site "http://www.queenalice.com/game.php?id=232597"]
[Date "2007.6.30"]
[Round "1"]
[White "ItsYouThatIAdore"]
[Black "Xande"]
[Result "1-0"]
[WhiteElo "1839"]
[BlackElo "1227"]

1. d4 Nc6 2. c4 Nxd4 3. Qxd4 c6 4. Nc3 Nf6 5. Bg5 Qb6 6. Bxf6 Qxb2 7. Rb1 Qa3 8.
Bxg7 c5 9. Qd2 Bxg7 10. Nb5 Bc3 11. Nxc3 a6 12. Nd5 Kd8 13. Rb3 Qa4 14. Nb6 Qc6
15. Nxa8 Rg8 16. Qa5+ Ke8 17. Nc7+ Kf8 18. Nd5 Qh6 19. Qd8+ Kg7 20. Rg3+ Qg6 21.
Qxe7 Kh6 22. Rxg6+ fxg6 23. Nf6 Rh8 24. Nf3 d5 25. Ng4+ Bxg4 26. Qg5+ Kg7 27.
Qxg4 Rf8 28. Ng5 dxc4 29. Ne6+ Kf6 30. Nxf8 c3 31. f4 c2 32. Qe6+ Kg7 33. Qe7+
Kh6 34. Qxh7# 1-0

[Event "AUTO-BEG-193"]
[Site "http://www.queenalice.com/game.php?id=367629"]
[Date "2008.3.8"]
[Round "1"]
[White "Shortquick"]
[Black "Xande"]
[Result "1-0"]
[WhiteElo "1142"]
[BlackElo "1172"]

1. d4 d5 2. c4 Nf6 3. Nc3 c6 4. Nf3 Nh5 5. e3 f6 6. Nd2 g6 7. Be2 a5 8. Bxh5
gxh5 9. Qxh5+ Kd7 10. cxd5 cxd5 11. Qxd5+ Kc7 12. Nb5+ Kb6 13. Qxd8+ Kxb5 14.
Qxc8 Bh6 15. Qxb7+ Ka4 16. b3# 1-0

[Event "AUTO-BEG-193"]
[Site "http://www.queenalice.com/game.php?id=367630"]
[Date "2008.3.8"]
[Round "1"]
[White "Xande"]
[Black "Shortquick"]
[Result "0-1"]
[WhiteElo "1162"]
[BlackElo "1378"]

1. d4 d5 2. Nc3 c5 3. dxc5 Nf6 4. e3 a6 5. Na4 Nc6 6. Nb6 Rb8 7. f3 e6 8. f4
Bxc5 9. Na4 Qa5+ 10. Nc3 Ne4 11. b4 Bxb4 12. Bb2 Nxc3 13. Bxc3 Bxc3+ 14. Kf2
Bxa1 15. Qxa1 Qd2+ 16. Kf3 O-O 17. Ne2 Qxc2 18. Nd4 Qe4+ 19. Kg3 Qxe3+ 20. Kh4
Qxf4+ 21. Kh3 e5+ 0-1

[Event "AUTO-BEG-193"]
[Site "http://www.queenalice.com/game.php?id=367643"]
[Date "2008.3.8"]
[Round "1"]
[White "samuelrmgs"]
[Black "Xande"]
[Result "1-0"]
[WhiteElo "1275"]
[BlackElo "1155"]

1. Nc3 c6 2. Na4 e5 3. e4 b5 4. Nc3 Nf6 5. Be2 h5 6. h4 Na6 7. d3 b4 8. Nb1 c5
9. Bg5 Rb8 10. a4 Rb6 11. Nf3 Ng4 12. Bxd8 Kxd8 13. d4 cxd4 14. a5 Rb5 15. Bxb5
Nc5 16. Nbd2 d5 17. Ng5 f6 18. Ngf3 dxe4 19. Ng1 e3 20. fxe3 Nxe3 21. Qc1 1-0

[Event "AUTO-BEG-193"]
[Site "http://www.queenalice.com/game.php?id=367644"]
[Date "2008.3.8"]
[Round "1"]
[White "Xande"]
[Black "samuelrmgs"]
[Result "0-1"]
[WhiteElo "1143"]
[BlackElo "1303"]

1. d4 Nf6 2. f3 d5 3. g4 e6 4. Bg5 Be7 5. Bxf6 Bxf6 6. c3 Bd7 7. e3 c6 8. h4 h5
9. a4 Na6 10. Bxa6 bxa6 11. Qb3 Rb8 12. Qa3 Be7 13. Qa2 Qb6 14. Nh3 Qb3 15. Qxb3
Rxb3 16. Ra3 Rb6 17. a5 Rb7 18. Nd2 Rxb2 19. g5 Bxa3 20. f4 c5 0-1

[Event "AUTO-BEG-193"]
[Site "http://www.queenalice.com/game.php?id=367651"]
[Date "2008.3.8"]
[Round "1"]
[White "billymc"]
[Black "Xande"]
[Result "1-0"]
[WhiteElo "1269"]
[BlackElo "1151"]

1. e4 Nf6 2. e5 Ne4 3. d4 d5 4. c4 dxc4 5. d5 e6 6. Be3 Bb4+ 7. Bd2 Bxd2+ 8.
Nxd2 Nxd2 9. Qxd2 exd5 10. f4 a5 11. O-O-O Nc6 12. Re1 d4 13. Bxc4 Be6 14. b3
Bxc4 15. bxc4 Nb4 16. Nf3 d3 17. e6 Qf6 18. exf7+ Kxf7 19. Ng5+ Kg6 20. Re6 Qxe6
21. Nxe6 Rhg8 22. f5+ Kxf5 23. Qe3 Rge8 24. g4+ Kxg4 25. Qg5+ Kf3 26. Rf1+ Ke2
27. Nf4+ Kxf1 28. Qg2+ Ke1 29. Qg1# 1-0

[Event "AUTO-BEG-193"]
[Site "http://www.queenalice.com/game.php?id=367652"]
[Date "2008.3.8"]
[Round "1"]
[White "Xande"]
[Black "billymc"]
[Result "1-0"]
[WhiteElo "1139"]
[BlackElo "1280"]

1. Nc3 d5 2. d4 e5 3. dxe5 c5 4. Nxd5 Ne7 5. e4 Nxd5 6. Qxd5 Qxd5 7. exd5 b5 8.
Bxb5+ Bd7 9. a4 a6 10. Bxd7+ Nxd7 11. Nf3 g5 12. Bxg5 Rb8 13. Ra3 Rxb2 14. Kd2
c4 15. Kc3 Rb7 16. d6 f6 17. exf6 Bxd6 18. Raa1 Ne5 19. Rae1 h6 20. Rxe5+ Bxe5+
21. Nxe5 hxg5 22. Re1 Rhh7 23. Kxc4 Rbc7+ 24. Kd5 Rh6 25. c4 Rxf6 26. Ng4+ Re6
27. Rxe6+ 1-0

[Event "AUTO-BEG-272"]
[Site "http://www.queenalice.com/game.php?id=505820"]
[Date "2008.12.10"]
[Round "1"]
[White "marysson"]
[Black "Xande"]
[Result "0-1"]
[WhiteElo "1116"]
[BlackElo "1133"]

1. b4 Nc6 2. b5 Ne5 3. a4 d5 4. Bb2 Nc4 5. d3 Nxb2 6. Qc1 Nxd3+ 7. cxd3 a5 8. d4
Bf5 9. Nc3 g6 10. g3 Bh6 11. Qc2 Bxc2 0-1

[Event "AUTO-BEG-272"]
[Site "http://www.queenalice.com/game.php?id=505821"]
[Date "2008.12.10"]
[Round "1"]
[White "Xande"]
[Black "marysson"]
[Result "1-0"]
[WhiteElo "1148"]
[BlackElo "1092"]

1. d4 d5 2. Nc3 Nf6 3. f3 Qd6 4. e4 dxe4 5. fxe4 Bg4 6. e5 Bxd1 7. exd6 cxd6 8.
Nxd1 e5 9. Bb5+ Nc6 10. Bxc6+ bxc6 11. Ne3 e4 12. Nf5 d5 13. a3 c5 14. Ne2 c4
15. Bg5 Be7 16. Nxg7+ Kf8 17. Bxf6 Bxf6 18. Nf5 a5 19. Nf4 Rd8 20. b4 axb4 21.
axb4 Ke8 22. b5 Kd7 23. Ra7+ Ke8 24. b6 Bg5 25. Ne2 Rd7 26. b7 1-0

[Event "AUTO-BEG-272"]
[Site "http://www.queenalice.com/game.php?id=505834"]
[Date "2008.12.10"]
[Round "1"]
[White "Dom81"]
[Black "Xande"]
[Result "1-0"]
[WhiteElo "1422"]
[BlackElo "1208"]

1. d4 f5 2. Nf3 e6 3. g3 Bb4+ 4. c3 Bd6 5. Bg2 Na6 6. O-O Nf6 7. c4 Ne4 8. Nfd2
h5 9. Nxe4 fxe4 10. Nc3 Nb4 11. Nb5 a6 12. Nxd6+ cxd6 13. d5 exd5 14. a3 Nc6 15.
Qxd5 h4 16. Bg5 Rh5 17. Qg8# 1-0

[Event "AUTO-BEG-272"]
[Site "http://www.queenalice.com/game.php?id=505835"]
[Date "2008.12.10"]
[Round "1"]
[White "Xande"]
[Black "Dom81"]
[Result "0-1"]
[WhiteElo "1162"]
[BlackElo "1261"]

1. Nc3 d5 2. d4 g6 3. e3 Nf6 4. Bb5+ Nc6 5. Bxc6+ bxc6 6. h3 Bg7 7. a4 O-O 8. g4
Ba6 9. g5 Ne4 10. Ra3 e5 11. a5 Qxg5 12. Rh2 Qxg1# 0-1

[Event "AUTO-BEG-272"]
[Site "http://www.queenalice.com/game.php?id=505842"]
[Date "2008.12.10"]
[Round "1"]
[White "DALECIO_RAZIEL"]
[Black "Xande"]
[Result "0-1"]
[WhiteElo "1359"]
[BlackElo "1162"]

1. e4 Nf6 2. f3 e5 3. h4 Bc5 4. Nh3 Nh5 5. Rh2 Qxh4+ 6. Ke2 Ng3+ 7. Kd3 Nc6 8.
c3 b5 9. Kc2 a6 10. b4 Be7 11. d3 h6 12. d4 exd4 13. cxd4 Bxb4 14. d5 Ne5 15.
Bf4 Bd6 16. Bxg3 Qf6 17. Qd4 c5 18. Bxe5 Qxe5 19. Qxe5+ Bxe5 20. Nc3 Bxh2 21. f4
d6 22. g4 Bxg4 23. Nf2 h5 24. f5 Be5 25. Bxb5+ axb5 26. Nxb5 Bxa1 27. Nc7+ Kd7
28. Nxa8 Rxa8 29. Kb1 Bd4 30. Nxg4 hxg4 0-1

[Event "AUTO-BEG-272"]
[Site "http://www.queenalice.com/game.php?id=505843"]
[Date "2008.12.10"]
[Round "1"]
[White "Xande"]
[Black "DALECIO_RAZIEL"]
[Result "1-0"]
[WhiteElo "1186"]
[BlackElo "1332"]

1. d4 d5 2. Nc3 c6 3. f4 f5 4. Qd3 b5 5. a4 b4 6. Na2 Ba6 7. Qxf5 g6 8. Qe5 Nf6
9. Nxb4 Qd6 10. Qxd6 exd6 11. Nf3 Bh6 12. Ra3 O-O 13. Re3 Bxf4 14. Bd2 Bxe3 15.
Bxe3 Ne4 16. h4 Ng3 17. Rh3 Ne4 18. Ng5 Bc8 19. Rf3 Rxf3 20. gxf3 Nxg5 21. hxg5
Bf5 22. a5 c5 23. Nxd5 Na6 24. c3 Be6 25. Ne7+ Kf7 26. Nc6 Nc7 27. dxc5 dxc5 28.
Bxc5 Nd5 29. Ne5+ Ke8 30. a6 Rb8 31. Bxa7 Rxb2 32. c4 Nc3 33. Bd4 Na4 34. a7 Nb6
35. Bxb2 Bxc4 36. Bd4 Nd7 37. Nxc4 Ke7 38. a8=Q 1-0

[Event "Challenge"]
[Site "http://www.queenalice.com/game.php?id=532494"]
[Date "2009.1.31"]
[Round "-"]
[White "Xande"]
[Black "Tourinho"]
[Result "0-1"]
[WhiteElo "1201"]
[BlackElo "1631"]

1. e4 e5 2. g4 Nc6 3. c3 Nf6 4. h3 Nxe4 5. Bg2 Nc5 6. Bxc6 bxc6 7. d4 exd4 8.
cxd4 Qe7+ 9. Qe2 Nd3+ 10. Kd2 Qxe2+ 11. Kxe2 Nxc1+ 12. Kd2 Nxa2 13. Rxa2 Bb4+
14. Kc2 O-O 15. Nf3 Re8 16. Re1 Bxe1 17. Nxe1 Re2+ 0-1

[Event "AUTO-OPEN-1722"]
[Site "http://www.queenalice.com/game.php?id=666911"]
[Date "2009.10.14"]
[Round "1"]
[White "Xande"]
[Black "mister_pawn"]
[Result "0-1"]
[WhiteElo "1193"]
[BlackElo "1993"]

1. d4 Nf6 2. f3 d5 3. Bg5 e6 4. Bxf6 Qxf6 5. e3 Nd7 6. Bb5 c6 7. Bd3 c5 8. a4
cxd4 9. Ra3 Bxa3 10. Nxa3 dxe3 11. Nb5 O-O 12. Nc7 Rb8 13. h4 Qxb2 14. Nb5 a6
15. Na7 d4 16. h5 Nc5 17. Rh4 e5 18. Ne2 Bd7 19. h6 g6 20. Ng3 Qc3+ 21. Kf1 Nxd3
22. Qxd3 Qa1+ 23. Ke2 Qg1 24. c4 Qxg2+ 25. Kd1 Qxg3 26. Qe4 Bxa4+ 27. Kc1 Qe1+
28. Kb2 Qc3+ 29. Kb1 d3 30. Qxe3 Qc2+ 31. Ka1 d2 32. Rh1 d1=Q+ 33. Rxd1 Qxd1+
34. Kb2 Qd4+ 0-1

[Event "AUTO-OPEN-1722"]
[Site "http://www.queenalice.com/game.php?id=666913"]
[Date "2009.10.14"]
[Round "1"]
[White "Xande"]
[Black "nuage"]
[Result "0-1"]
[WhiteElo "1199"]
[BlackElo "1514"]

1. Nc3 e5 2. Nb5 d5 3. e3 c6 4. Nc3 Bb4 5. Na4 Nf6 6. c3 Bd6 7. Nh3 b5 8. g4
bxa4 9. Qxa4 Ne4 10. Ng5 Qxg5 11. h3 Qh4 12. Rh2 Bxg4 13. d3 Ng3 14. Qxg4 Qxg4
15. hxg4 e4 16. fxg3 Bxg3+ 17. Kd1 Bxh2 18. dxe4 dxe4 19. a4 O-O 20. Bg2 Rd8+
21. Kc2 Nd7 22. Bxe4 Rac8 23. b4 Ne5 24. g5 Re8 25. g6 Nxg6 26. Bxg6 fxg6 27. a5
Bg1 28. Kd3 Rcd8+ 29. Kc4 Re4+ 30. Kc5 Rd1 0-1

[Event "AUTO-OPEN-1722"]
[Site "http://www.queenalice.com/game.php?id=666914"]
[Date "2009.10.14"]
[Round "1"]
[White "nuage"]
[Black "Xande"]
[Result "1-0"]
[WhiteElo "1517"]
[BlackElo "1196"]

1. e4 e5 2. Nf3 d6 3. Bc4 Nc6 4. O-O Nd4 5. Nc3 a6 6. Nxd4 exd4 7. Nd5 h5 8. d3
Be6 9. Bf4 b5 10. Bb3 Rh6 11. Bxh6 Nxh6 12. Qxh5 g6 13. Qf3 Ng4 14. h3 c6 15.
Nf6+ Nxf6 16. e5 dxe5 17. Qxc6+ Nd7 18. Bxe6 fxe6 19. Qxe6+ Qe7 20. Qxg6+ Kd8
21. Qe4 Rc8 22. a4 Rxc2 23. Qa8+ Kc7 24. Qa7+ Kd6 25. Qxa6+ Rc6 26. Qxb5 Nc5 27.
b4 Nb3 28. Rad1 Bh6 29. Qb8+ Qc7 30. Qxc7+ Kxc7 31. b5 1-0

[Event "AUTO-OPEN-1722"]
[Site "http://www.queenalice.com/game.php?id=666915"]
[Date "2009.10.14"]
[Round "1"]
[White "Xande"]
[Black "ilcalabresse"]
[Result "0-1"]
[WhiteElo "1193"]
[BlackElo "1844"]

1. d4 Nf6 2. Nc3 d5 3. Bf4 c5 4. Bxb8 Rxb8 5. Nb5 Ne4 6. Nxa7 Qa5+ 7. c3 Qxa7 8.
f3 Nf6 9. dxc5 e5 10. a4 Bxc5 11. Nh3 Bxh3 12. gxh3 Bf2+ 13. Kd2 Qe3+ 14. Kc2
O-O 15. Qd3 Qxd3+ 16. exd3 e4 17. fxe4 dxe4 18. dxe4 Nxe4 19. Rd1 Rbd8 20. Rxd8
Rxd8 21. Bd3 Nc5 22. Rd1 Nxd3 23. Rxd3 Rxd3 24. Kxd3 Bg1 25. b4 Kf8 26. b5 Ke7
27. a5 Bxh2 0-1